<?xml version="1.0" encoding="UTF-8"?>
<record
    xmlns:xsi="http://www.w3.org/2001/XMLSchema-instance"
    xsi:schemaLocation="http://www.loc.gov/MARC21/slim http://www.loc.gov/standards/marcxml/schema/MARC21slim.xsd"
    xmlns="http://www.loc.gov/MARC21/slim">

  <leader>00514nam a22001457a 4500</leader>
  <controlfield tag="005">20241219002246.0</controlfield>
  <controlfield tag="008">241218b        |||||||| |||| 00| 0 eng d</controlfield>
  <datafield tag="082" ind1=" " ind2=" ">
    <subfield code="2">6995</subfield>
    <subfield code="a">305</subfield>
    <subfield code="b">DAN</subfield>
  </datafield>
  <datafield tag="100" ind1=" " ind2=" ">
    <subfield code="a">Bass, D</subfield>
  </datafield>
  <datafield tag="245" ind1=" " ind2=" ">
    <subfield code="a">Malaiyaha (Up-Country) Tamil Identity and Politics in the Twenty-First Century</subfield>
  </datafield>
  <datafield tag="260" ind1=" " ind2=" ">
    <subfield code="a">Colombo</subfield>
    <subfield code="b">Internaional Centre for Ethnic Studies</subfield>
    <subfield code="c">2000</subfield>
  </datafield>
  <datafield tag="300" ind1=" " ind2=" ">
    <subfield code="a">16 p.,</subfield>
  </datafield>
  <datafield tag="500" ind1=" " ind2=" ">
    <subfield code="a">A research on the significant strides Malaiyaha Tamils have made in the political and social spheres.</subfield>
  </datafield>
  <datafield tag="942" ind1=" " ind2=" ">
    <subfield code="c">L</subfield>
  </datafield>
  <datafield tag="952" ind1=" " ind2=" ">
    <subfield code="0">0</subfield>
    <subfield code="1">0</subfield>
    <subfield code="4">0</subfield>
    <subfield code="7">0</subfield>
    <subfield code="8">L</subfield>
    <subfield code="a">WERCL</subfield>
    <subfield code="b">WERCL</subfield>
    <subfield code="d">2024-12-18</subfield>
    <subfield code="l">0</subfield>
    <subfield code="o">6995 305</subfield>
    <subfield code="p">6995</subfield>
    <subfield code="r">2024-12-18</subfield>
    <subfield code="w">2024-12-18</subfield>
    <subfield code="y">L</subfield>
  </datafield>
  <datafield tag="999" ind1=" " ind2=" ">
    <subfield code="c">5941</subfield>
    <subfield code="d">5941</subfield>
  </datafield>
</record>
